000 01090cam a22003137a 4500
003 CHAP
005 20220329141651.0
008 971013s1978 r 00010 d
010 _a71896
011 _a72868
035 _a82424
040 _cCHAP
090 _aFolleto 7817
100 0 0 _aDavis, Ronald Ray.
_931293
245 1 4 _aThe North American moths of the genera Phaseoses, Opogana, and Oinophila, with a discussion of their supergeneric affinities (Lepidoptera : tineidae)
260 _aWashington, D.C. :
_bSmithsonian Institution,
_c1978
300 _a39 p.
_b: ilus.
490 0 _aSmithsonian contributions to zoology
_v; 282
590 _aBATCH-UPD
_b10
_c20130110
_lUCH01
_h0721
590 _aBATCH-UPD
_b10
_c20130410
_lUCH01
_h0405
590 _aBATCH-UPD
_b10
_c20130914
_lUCH01
_h1137
590 _aCONVERSION
_b10
_c20130109
_lUCH01
_h1339
650 1 4 _aLepidópteros.
_966252
650 1 4 _aPolillas.
_990234
830 0 _aSmithsonian contributions to zoology
_v; 282
_9107173
901 _aBK
942 _cFOLL
949 _aFolleto 7817
_bBC
_cFOLL
_d-36480
_eTS1
_i82424
_si
999 _c71896
_d71896